5HLuxD.jpg

KING HENRY VIII SENIOR AND PRIMARY SCHOOL LIBRARY OPAC

Deadly diseases (Record no. 3589)

000 -LEADER
fixed length control field 00910nam a22002297a 4500
005 - DATE AND TIME OF LATEST TRANSACTION
control field 20240228085356.0
008 - FIXED-LENGTH DATA ELEMENTS--GENERAL INFORMATION
fixed length control field 240228b ||||| |||| 00| 0 eng d
020 ## - INTERNATIONAL STANDARD BOOK NUMBER
International Standard Book Number 9781407142623
040 ## - CATALOGING SOURCE
Transcribing agency KH8
082 ## - DEWEY DECIMAL CLASSIFICATION NUMBER
Classification number 616 ARN
100 ## - MAIN ENTRY--PERSONAL NAME
Personal name Arnold, Nick
Relator term Author
245 ## - TITLE STATEMENT
Title Deadly diseases
Statement of responsibility, etc. Nick Arnold
260 ## - PUBLICATION, DISTRIBUTION, ETC.
Place of publication, distribution, etc. London,
Name of publisher, distributor, etc. Scholastic,
Date of publication, distribution, etc. 2014
300 ## - PHYSICAL DESCRIPTION
Extent 208 p.
Dimensions 15.3cm x 1.5cm x 19.2cm
440 ## - SERIES STATEMENT/ADDED ENTRY--TITLE
Title Horrible science
520 ## - SUMMARY, ETC.
Summary, etc. Explores the causes and treatment of a variety of microbial diseases, focusing on the funny, fascinating and horrible aspects. Examples include: what happened when a nurse drank diarrhoea, which scientist used eyeballs as food for bacteria, and why deadly cholera makes your skin turn blue
650 ## - SUBJECT ADDED ENTRY--TOPICAL TERM
Topical term or geographic name entry element Children's nonfiction
650 ## - SUBJECT ADDED ENTRY--TOPICAL TERM
Topical term or geographic name entry element Diseases
650 ## - SUBJECT ADDED ENTRY--TOPICAL TERM
Topical term or geographic name entry element Diseases
Form subdivision Juvenile literature
700 ## - ADDED ENTRY--PERSONAL NAME
Personal name De Saulles , Tony
Relator term Illustrator
942 ## - ADDED ENTRY ELEMENTS (KOHA)
Source of classification or shelving scheme
Koha item type Books - Non Ficton
Holdings
Withdrawn status Lost status Source of classification or shelving scheme Damaged status Not for loan Collection code Permanent Location Current Location Shelving location Date acquired Total Checkouts Full call number Barcode Date last seen Date last checked out Price effective from Koha item type
          Non-Fiction KH8 Primary School Library KH8 Primary School Library Non Fiction 2024-02-28 3 616 ARN KHPL000004497 2026-03-19 2026-03-12 2024-02-28 Books - Non Ficton

Powered By KH8 IT Dept